Selekcjonerzy reprezentacji - Statystyki

Ogólne statystyki
  • Ten quiz został rozwiązany 12 razy
  • Średni wynik to 5 z 12
Statystyki odpowiedzi
Reprezentacja Trener % Poprawnych
Polska Michał Probierz
100%
Niemcy Julian Nagelsmann
70%
Anglia Gareth Southgate
60%
Portugalia Roberto Martinez
60%
Chorwacja Zlatko Dalić
60%
Argentyna Lionel Scaloni
50%
Włochy Luciano Spaletti
50%
Holandia Ronald Koeman
50%
Urugwaj Marcelo Bielsa
20%
Szkocja Steve Clark
10%
Maroko Walid Regragui
10%
Brazylia Dorival
0%
Nie znaleziono quizów pasujących do podanych kryteriów
Rozkład punktacji
Procent ludzi z każdym wynikiem
Percentyl według liczby udzielonych odpowiedzi
Twoja historia wyników
Nie rozwiązałeś tego quizu